Charlie Car in a hurry (Record no. 106932)

MARC details
000 -LÍDER
campo de controle de tamanho fixo 00610 a2200241 4500
001 - NÚMERO DE CONTROLE
campo de controle 106932
020 ## - ISBN - INTERNATIONAL STANDARD BOOK NUMBER
ISBN - International Standard Book Number 9781846469305
041 ## - CÓDIGO DE IDIOMA
Código do idioma do texto/trilha sonora ou título diferente por
090 ## - NÚMERO DE CHAMADA LOCAL
Número de chamada (OCLC) (R); Número de chamada, CALL (RLIN) (NR) SK 823 BAX
040 ## - FONTE DA CATALOGAÇÃO
Instituição da catalogação original BR-BrIDEA
Instituição que transcreveu o registro BR-BrIDEA
100 ## - ENTRADA PRINCIPAL--NOME PESSOAL
Nome pessoal Baxter, Nicola.
250 ## - EDIÇÃO
Edição . ed.
245 10 - TÍTULO
Título Charlie Car in a hurry
Indicação de responsabilidade, etc. Nicola Baxter
260 ## - PUBLICAÇÃO, DISTRIBUIÇÃO, ETC.
Local de publicação, distribuição, etc. London
Nome do editor, distribuidor, etc. Ladybird
Data da publicação, distribuição, etc. 2008
300 ## - DESCRIÇÃO FÍSICA
Extensão 28 p.
490 ## - TÍTULO DA SÉRIE
Título da série Mini
697 ## - ENTRADA DE ASSUNTO LOCAL--ENTIDADE COLETIVA (RLIN)
Nome corporativo ou nome da jurisdição Automobiles - Pictorial works
697 ## - ENTRADA DE ASSUNTO LOCAL--ENTIDADE COLETIVA (RLIN)
Nome corporativo ou nome da jurisdição Children's stories - Pictorial works.
697 ## - ENTRADA DE ASSUNTO LOCAL--ENTIDADE COLETIVA (RLIN)
Nome corporativo ou nome da jurisdição Traffic congestion - Pictorial works
830 ## - ENTRADA SECUNDÁRIA DE SÉRIE--TÍTULO UNIFORME
Título uniforme Mini
856 ## - LOCALIZAÇÃO ELETRÔNICA E ACESSO
Uniform Resource Identifier <a href="000011/00001186.jpg">000011/00001186.jpg</a>
942 ## - ELEMENTOS DE ENTRADA ADICIONADOS (KOHA)
Tipo de material Koha Livros
Holdings
Situação do descarte Situação das perdas Fonte da classificação ou esquema de arquivamento na estante Situação física Não pode ser emprestado Biblioteca de origem Biblioteca atual Data de aquisição Total de empréstimos Código de barras Devolução em Data de último acesso Data do último empréstimo Data do preço efetivo Tipo de material Koha Número de chamada completo
    Classificação Decimal de Dewey     ECB - SUDOESTE ECB - SUDOESTE 07/06/2013 3 00003164SSW 31/05/2024 24/05/2024 24/05/2024 23/01/2024 Livros  
    Classificação Decimal de Dewey     ECB - SUDOESTE ECB - SUDOESTE 26/02/2013 4 00000494SSW   21/06/2024 14/06/2024 23/01/2024 Livros SK 823 BAX
    Classificação Decimal de Dewey     ECB - SUDOESTE ECB - SUDOESTE 26/02/2013 3 00000496SSW 25/06/2024 18/06/2024 18/06/2024 23/01/2024 Livros SK 823 BAX